000 00276nam a22001337a 4500
008 181006b xxu||||| |||| 00| 0 eng d
020 _a9780130536280
041 _aeng
080 _a941
100 _a17
101 _aHIS
245 _aAmerica
_cCayton, A
942 _2udc
_cBK
999 _c48948
_d48948